Mahamoudra : (Record no. 1189)

MARC details
000 -LEADER
fixed length control field 00917cam a2200301 i 4500
001 - CONTROL NUMBER
control field 12493135
003 - CONTROL NUMBER IDENTIFIER
control field OSt
005 - DATE AND TIME OF LATEST TRANSACTION
control field 20240605102426.0
008 - FIXED-LENGTH DATA ELEMENTS--GENERAL INFORMATION
fixed length control field 971120s1997 fr 000 0 fre
010 ## - LIBRARY OF CONGRESS CONTROL NUMBER
LC control number 2001395092
020 ## - INTERNATIONAL STANDARD BOOK NUMBER
International Standard Book Number 270961832X
035 ## - SYSTEM CONTROL NUMBER
System control number (FrPJT)JTL00007486
040 ## - CATALOGING SOURCE
Original cataloging agency DLC
Transcribing agency DLC
042 ## - AUTHENTICATION CODE
Authentication code pcc
050 00 - LIBRARY OF CONGRESS CALL NUMBER
Classification number BQ8921.M35
Item number R56 1997
100 1# - MAIN ENTRY--PERSONAL NAME
Personal name Rinpoché, Guendune,
Dates associated with a name 1918-
245 10 - TITLE STATEMENT
Title Mahamoudra :
Remainder of title la voie de la compassion et de la dévotion /
Statement of responsibility, etc. Guendune Rinpoché.
264 ## - PRODUCTION, PUBLICATION, DISTRIBUTION, MANUFACTURE, AND COPYRIGHT NOTICE
Place of production, publication, distribution, manufacture [Paris] :
Name of producer, publisher, distributor, manufacturer Lattès,
Date of production, publication, distribution, manufacture, or copyright notice c1997.
300 ## - PHYSICAL DESCRIPTION
Extent 190 pages ;
Dimensions 23 cm.
336 ## - CONTENT TYPE
Source rdacontent
Content type term text
Content type code txt
337 ## - MEDIA TYPE
Source rdamedia
Media type term unmediated
Media type code n
338 ## - CARRIER TYPE
Source rdacarrier
Carrier type term volume
Carrier type code nc
440 #0 - SERIES STATEMENT/ADDED ENTRY--TITLE
Title Voyageurs immobiles
650 #0 - SUBJECT ADDED ENTRY--TOPICAL TERM
Topical term or geographic name entry element Mahāmudrā (Tantric rite)
906 ## - LOCAL DATA ELEMENT F, LDF (RLIN)
a 7
b cbc
c origres
d 3
e ncip
f 20
g y-gencatlg
942 ## - ADDED ENTRY ELEMENTS (KOHA)
Source of classification or shelving scheme Lindholme Classification Scheme
Koha item type Book
Suppress in OPAC No
Holdings
Withdrawn status Lost status Source of classification or shelving scheme Damaged status Not for loan Collection Home library Current library Shelving location Date acquired Total checkouts Full call number Barcode Date last seen Price effective from Koha item type
    Lindholme Classification Scheme     Vajrayana Lindholme Hall Library Lindholme Hall Library General stacks 05/06/2024   518 GEU 2401965 05/06/2024 05/06/2024 Book